000 00382nam a2200157Ia 4500
008 230711s9999||||xx |||||||||||||| ||und||
041 _aENG
082 _a621
_bST-W
100 _aStallings,William
245 0 _aWireless communication and networks
250 _a2nd Ed.
260 _c2005
_aNew Delhi
_bPearson
300 _a573
650 _aElectronics Engineering
942 _cBK
999 _c4832
_d4832